Neurofibromatose - Statistiken

Allgemein
  • Dieses Quiz wurde 37 mal gespielt
  • Das Durchschnittsergebnis liegt bei 2 aus 9
Antwortstatistiken
Frage Antwort % Korrekt
Wie viele verschiedene Typen gibt es? 3
80%
NF ist autosomal-… Dominant
60%
Wie hoch ist die Vererbungschance? 50%
40%
Nenne 1 mögliche ärztliche Untersuchung MRT/ EEG/ Hautarzt/ Augenarzt
20%
NF1 erkrankte in Europa 300.000
0%
Klinische Merkmale von NF1 Cafe-au-lait Flecken/Neurofribrome/Optikusgliom/Lisch-Knötchen/Verwandter/Knochenveränderung
0%
Schwannomatose ist ähnlich wie… Neurofibromatose Typ 2
0%
Gutartige Tumore…Gewebe Verdrängen
0%
Bösartige Tumore…Gewebe Zerstören
0%
Keine übereinstimmenden Quizze gefunden
Verteilung der Resultate
Anzahl Personen mit jedem Resultat
Perzentil nach korrekt beantworteten Fragen
Ihre Resultats-Entwicklung
Sie haben dieses Quiz noch nicht gespielt